000 00335nam a2200145Ia 4500
005 20251222141954.0
008 251222s9999||||xx |||||||||||||| ||spa||
020 _a8471188708
082 _a150/U87
100 _aUrteaga, Jesús
245 0 _aDios y la Familia
250 _a1ra.ed.
264 _bEdiciones Palabra S.A.
942 _cLIB
999 _c9771
_d9771